Azometín-H nové činidlo na stanovenie bóru

Bibliographic Details
Main Author: Čumakov, Alexander, 1932- (Author)
Format: Article
Language:Slovak
Subjects:

MARC

LEADER 00000nab a2200000 a 4500
001 vtls000078211
003 SK-MaSNL
005 20260305000822.0
008 140522c1981 xo 0 slo
015 |a SNBRB19rr/mm-uuuuu 
035 |a CL0088312 
040 |a SNKBUCL  |b slo  |c SNKBUCL  |e AACR2 
041 0 |a slo 
044 |a xo  |c SK 
080 |a 546  |2 1981 
080 |a 543  |2 1981 
100 1 |a Čumakov, Alexander,  |d 1932-  |4 aut  |9 39904 
245 1 0 |a Azometín-H nové činidlo na stanovenie bóru  |c Alexander Čumakov 
650 0 7 |a bór  |2 snkbucl  |9 23671 
650 0 7 |a poľnohospodárska pôda  |2 snkbucl  |9 31794 
650 0 7 |a rastliny  |2 snkbucl  |9 690 
650 0 7 |a azometín H  |2 snkbucl  |9 1575698 
655 7 |a články z novín a časopisov  |2 snkbucl  |9 267496 
773 0 |t Agrochémia  |g Roč. 21, č. 1 (1981), s. 19-20 
850 |a Slovenská národná knižnica v Martine  |a MTA001 
852 |a SNK  |b KIS3GCP 
958 |a RK 
992 |a RBX 
999 |c 3215739  |d 3217669